000 00936nam a22003017a 4500
003 CHAP
005 20230517105318.0
008 120327s1998 us r 00010 eng d
010 _a102952
011 _a103924
020 _a9780521468275
035 _a114613
040 _cCHAP
082 0 4 _a574.1924
_bB27y
100 1 _aBarrett, G. C.
_910461
245 1 0 _aAmino acids and peptides
_c/por G. C. Barrett y D. T. Elmore
260 _aCambridge, UK. :
_bCambridge University Prees ,
_c1998
300 _axv, 224 p. :
_bilus.
590 _aBATCH-UPD
_b10
_c20130110
_lUCH01
_h2108
590 _aBATCH-UPD
_b10
_c20130410
_lUCH01
_h0755
590 _aCONVERSION
_b10
_c20130109
_lUCH01
_h1357
650 0 4 _aAminoacidos.
_95340
650 0 4 _aPéptidos
_986949
700 1 _aElmore, D. T.
_936405
901 _aBK
942 _cLIBRO
949 _a574.1924 B27y
_bBC
_cLIBRO
_d33724002327207
_eLIBRO
_gI.259839
_h116390
_i114613
_sb
_t$1,035.00
999 _c102952
_d102952